Bush's brain : (Record no. 13514)

000 -LEADER
fixed length control field 00753cam a2200229 a 4500
020 ## - INTERNATIONAL STANDARD BOOK NUMBER
ISBN 0471423270 (cloth)
040 ## - CATALOGING SOURCE
Transcribing agency DLC
082 00 - DEWEY DECIMAL CLASSIFICATION NUMBER
Classification number 973 WIL 2003 A101 Or.
100 1# - MAIN ENTRY--AUTHOR NAME
Personal name Moore, James,
245 10 - TITLE STATEMENT
Title Bush's brain :
Remainder of title how Karl Rove made George W. Bush presidential /
260 ## - PUBLICATION, DISTRIBUTION, ETC. (IMPRINT)
Place of publication New York :
Name of publisher Wiley,
Year of publication c2003.
300 ## - PHYSICAL DESCRIPTION
Number of Pages xiv, 395 p. ;
Dimensions 24 cm.
650 #0 - SUBJECT ADDED ENTRY--TOPICAL TERM
Topical Term Presidents
650 #0 - SUBJECT ADDED ENTRY--TOPICAL TERM
Topical Term Political campaigns
650 #0 - SUBJECT ADDED ENTRY--TOPICAL TERM
Topical Term Political consultants
650 #0 - SUBJECT ADDED ENTRY--TOPICAL TERM
Topical Term Presidential candidates
700 1# - ADDED ENTRY--PERSONAL NAME
Personal name Slater, Wayne.
856 42 - ELECTRONIC LOCATION AND ACCESS
Uniform Resource Identifier http://www.loc.gov/catdir/bios/wiley045/2003001701.html
856 42 - ELECTRONIC LOCATION AND ACCESS
Uniform Resource Identifier http://www.loc.gov/catdir/description/wiley039/2003001701.html
856 41 - ELECTRONIC LOCATION AND ACCESS
Uniform Resource Identifier http://www.loc.gov/catdir/toc/wiley031/2003001701.html
942 ## - ADDED ENTRY ELEMENTS (KOHA)
Koha item type សៀវភៅភាសាអង់គ្លេស
952 ## - LOCATION AND ITEM INFORMATION (KOHA)
Withdrawn status [LOCAL, KOHA] 0
Holdings
Permanent Location Date acquired Koha item type Lost status Shelving location Barcode Current Location Full call number
Library Block A2017-08-27សៀវភៅភាសាអង់គ្លេស A101A17046Library Block A973 WIL 2003 A101 Or.
មជ្ឈមណ្ឌលឯការនៃសាកលវិទ្យាល័យភូមិន្ទកសិកម្មចំការដូង

Powered by Koha